000 00451nam a22001817a 4500
003 OSt
005 20211111151622.0
008 211111b |||||||| |||| 00| 0 eng d
020 _a0385064748
040 _cHAWASSA UNIVERSITY
050 _a636.1/STO
_b2
082 _a636.1/STO
_b2
100 _aSTONERIDGE M.A.
_917906
245 _aGREAT HORSES OF OUR TIME
260 _aNEW YORK
_bCOMPANY INC
_c1972
300 _axiv/543
942 _2ddc
_cBOOKS
_n0
999 _c17740
_d17740